1811 1551 1082 1995 1787 1518 1769 1575 1987 1132 1628 1772 1304 1933 1275 1611 1241 1979 1221 1100 1059 1478 1839 1964 1810 1667 1310 1538 1882 1446 1060 1243 1218 1624 1195 1447 1342 1083 1978 1006 1143 1224 1112 1067 1233 1151 1569 1594 1617 1226 1942 1067 1598 1464 1197 1363 1144 1795 1350 1250 1374 1878 1797 1730 1689 1226 1630 1914 1444 1804 1849 1983 1754 1250 1638 1688 1903 1956 1036 1114 1642 1355 1634 1499 1647 1719 1468 1490 1479 1325 1240 1129 1578 1843 1771 1339 1297 1684 1964 BCNSPRNW ULIB Ver.6.0+V

เปลี่ยนเป็นภาษาไทย

Change to English
 แสดงรายละเอียดบรรณานุกรม
  กลับหน้าหลัก

Brief Record : Get Marc (ISO 2709) : E-mail record : QR code < ปิดหน้าต่าง
LEADER : 00000nam 2200000uu 4500
001    13399108200
003     ULIB
008    110221s2552||||th 000 0 tha d
020    9786167183022
060  4 WJ300^bท187ร 2552
100 0  ทวี ศิริวงศ์
245 10 โรคไตทางคลินิก=^bClinical Nephrology/^cทวี ศิริวงศ์
246 31 Clinical Nephrology
250    พิมพ์ครั้งที่ 1
260    ขอนแก่น:^bมหาวิทยาลัยขอนแก่น,^c2552
300    191 หน้า
650  7 โรคไตทางคลินิก
650  7 โรคไต
710 2  มหาวิทยาลัยขอนแก่น^bคณะแพทย์ศาสตร์^bภาควิชาอายุรศาสตร์^bสาขาวิชาโรคไต
945    ^p0^l0^i028782
945    ^p0^l0^i028783
945    ^p0^l0^i028781
995    ทศพร
999 ^a ใช้งานได้ทุกระบบ
รายการนี้ยังไม่มีแท็ก
คุณยังไม่ได้ล็อกอิน คุณสามารถมีกิจกรรมร่วมกับเว็บไซต์ได้ แต่ต้องล็อกอินก่อน ::
  ล็อกอิน

รายการสื่อสารสนเทศ

ลำดับที่ ประเภท เลขเรียก/บาร์โค้ด สถานที่ สถานะ
- ไม่พบข้อมูล -

รายการใกล้เคียง
    ผู้แต่ง [ทวี ศิริวงศ์]

    หัวเรื่อง [โรคไตทางคลินิก]
    หัวเรื่อง [โรคไต]

BibComment


ยังไม่เคยถูกคอมเมนท์

คอมเมนท์ทรัพยากรรายการนี้
  คอมเมนท์: โรคไตทางคลินิก Cl..


 Copyright 2026. Bcnsprnw @Library